00387nam a2200121Ia 4500008004100000041000800041082001700049100002100066245008500087260005400172300001300226650002600239210716s1993 xx 000 0 und d aeng a658.575 DOLR aDolan, Robert J. aManaging the new product development process: cases and notes.bCases and notes. aNew YorkbAddison wesley Publishing Companyc1993 aviii,392 aOperations Management